[Event "Mechanics' Fall TNM; G/2"]
[Site "San Francisco"]
[Date "2015.12.15"]
[Round "9.6"]
[White "Drane, Robert W"]
[Black "Manvelyan, Hovik"]
[Result "1-0"]
[WhiteElo "1909"]
[BlackElo "2026"]
[Annotator "Donaldson"]
[PlyCount "100"]
[EventDate "2015.??.??"]

1. e4 e6 2. d4 d5 3. Nc3 Bb4 4. e5 Qd7 5. Bd3 b6 6. a3 Be7 7. Qg4 Bf8 8. f4 f5
9. Qe2 Nc6 10. Be3 Bb7 11. Nf3 Nh6 12. h3 Ne7 13. b3 Ng6 14. g3 Be7 15. Nb5 a6
16. Nc3 O-O 17. Nd1 c5 18. c3 Rfc8 19. Nf2 Qc6 20. Ng5 c4 21. bxc4 dxc4 22. Bc2
Qb5 23. Rg1 Qb2 24. Kd2 Qb5 25. Qh5 Qd7 26. g4 Bxg5 27. fxg5 Nf7 28. gxf5 exf5
29. Ke2 Rf8 30. Raf1 Nd8 31. h4 Ne6 32. Nh3 Nc7 33. Rf2 Nb5 34. Nf4 Nxf4+ 35.
Rxf4 Nxc3+ 36. Ke1 g6 37. Qh6 Nd5 38. h5 Nxf4 39. Bxf4 Qg7 40. hxg6 hxg6 41.
Qxg7+ Kxg7 42. Kd2 Rh8 43. Kc3 a5 44. Kxc4 Rac8+ 45. Kb3 Rh3+ 46. Rg3 Rxg3+ 47.
Bxg3 Kf7 48. Bd3 Ke6 49. Bf2 Bc6 50. Kb2 b5 {Black is winning, but blundered
in extreme time pressure. The remaining moves are not available.} 1-0

[Event "Mechanics' Fall TNM; G/2"]
[Site "San Francisco"]
[Date "2015.11.03"]
[Round "3.4"]
[White "Drane, Robert W"]
[Black "Pan, Hongkai"]
[Result "0-1"]
[WhiteElo "1909"]
[BlackElo "2091"]
[Annotator "Donaldson"]
[PlyCount "34"]
[EventDate "2015.??.??"]

1. e4 e5 2. Bc4 Nc6 3. Nc3 Nf6 4. d3 Bc5 5. f4 d6 6. Nf3 Ng4 $6 (6... Bg4 {and}
) (6... a6 {(anticipating a future Na4 by White) are considered more reliable.}
) 7. Ng5 ({Considered best, but} 7. Qe2 {
, played by a young Wesley So, is also possible.}) 7... h6 (7... O-O 8. f5 Bf2+
9. Kf1 Ne3+ 10. Bxe3 Bxe3 11. h4 g6 12. Qg4 Ne7 $2 13. Qf3 Bxg5 14. hxg5 {
was Gallegos (yes, our Paul from Santa Rosa) -Gareev, US Open 2010, where
Black was under such a strong attack hesacrificedapiecewith} Nxf5 {
which should not have worked although the game was ultimately drawn.}) 8. f5 (
8. Nxf7 $4 {loses on the spot to} Qh4+ 9. g3 Qh3 10. Nxh8 Nxh2 {while}) (8.
Bxf7+ Kf8 9. Ne6+ Bxe6 10. Bxe6 Qh4+ 11. g3 Bf2+ 12. Kd2 Be3+ {
is a curious draw by repetition}) 8... Bf2+ $2 (8... hxg5 9. Qxg4 f6 {
with equal chances.}) 9. Kf1 Ne3+ $2 (9... Be3 10. Bxf7+ Kf8 11. Qxg4 Bxc1 12.
Rxc1 {and whichever way Black recaptures he is a pawn down, but that is
preferable to what should happen now.}) 10. Bxe3 Bxe3 11. Qh5 $2 ({
White should have stuck to the prosaic} 11. Nxf7 {when after} Qh4 12. Qe2 Qf4+
13. Ke1 Nd4 {and now either} 14. g3 {or} (14. Nd5 {he would be winning.}))
11... Qxg5 $6 (11... g6 $1 12. Bxf7+ (12. fxg6 Qxg5) 12... Kf8 13. Nh7+ Rxh7
14. Bxg6 Rh8 {and there is not enough compensation for the piece.}) 12. Qxf7+
Kd8 13. Nd5 Bd7 (13... Bb6 14. f6 Be6 $1 15. Qxe6 Rf8 {
and Black's counterattack is very strong. For example if} 16. h4 {
then Black has} Qd2 17. Nxb6 Rxf6+ 18. Qxf6+ gxf6 19. Nxa8 Nd4 {with a very
strong attack despite the material deficit as White's pieces do not work
together.} 20. Bb3 Qe2+ 21. Kg1 Qe3+ 22. Kf1 Ne2 {should win.}) 14. h4 $4 {
The right move but the wrong order!} (14. f6 $1 gxf6 (14... Re8 15. fxg7 Bd4
16. c3 Bb6 17. Nxb6 axb6 18. g8=Q) 15. h4 {followed by Qxf6+}) 14... Qg3 15.
Nxe3 Be8 $1 16. Rh3 (16. Qd5 Qf4+ 17. Ke2 Nd4+ 18. Kd2 Qf2+ 19. Kc1 Qxe3+ 20.
Kb1 Qd2 {and White is a piece down for nothing.}) 16... Qf4+ 17. Rf3 Bxf7 0-1

[Event "Mechanics' Leighton Allen TNM; G/2"]
[Site "San Francisco"]
[Date "2015.09.08"]
[Round "6.13"]
[White "Drane, Robert W"]
[Black "Paquette, James"]
[Result "1-0"]
[WhiteElo "1909"]
[BlackElo "1471"]
[Annotator "Donaldson"]
[PlyCount "39"]
[EventDate "2015.??.??"]

1. e4 g6 2. d4 Bg7 3. c4 c5 4. Nf3 Nc6 5. Be3 d6 6. Nc3 Qa5 7. Qd2 Bg4 8. d5
Bxf3 9. dxc6 Bxc3 10. bxc3 Bxe4 11. cxb7 Bxb7 12. Rb1 Qc7 13. f3 Nf6 14. Bh6
Nd7 15. Be2 Nb6 16. O-O Ba6 17. Rfe1 Bxc4 $2 (17... f6) 18. Bxc4 Nxc4 {
Diagram #} 19. Qd5 Qc8 20. Qxc4 {and White later won.} 1-0

[Event "Mechanics' Leighton Allen TNM; G/2"]
[Site "San Francisco"]
[Date "2015.08.25"]
[Round "4.9"]
[White "Drane, Robert W"]
[Black "Pfefer, Jonathan"]
[Result "0-1"]
[WhiteElo "1909"]
[BlackElo "2131"]
[Annotator "Donaldson"]
[PlyCount "76"]
[EventDate "2015.??.??"]

1. e4 c6 2. d4 d5 3. Nc3 dxe4 4. Nxe4 Bf5 5. Ng3 Bg6 6. N1e2 e6 7. Nf4 Bd6 8.
h4 Qc7 9. Nxg6 hxg6 10. Ne4 Be7 11. Qf3 Qa5+ 12. Bd2 Qf5 13. Bf4 Nf6 14. Bd3
Nxe4 15. Bxe4 Qa5+ 16. Bd2 Bb4 17. c3 Be7 18. a3 Rxh4 19. Rxh4 Bxh4 20. O-O-O
Bg5 21. Rh1 Bh6 22. Bxh6 gxh6 23. d5 $1 Qd8 (23... cxd5 24. Bxg6 fxg6 25. Rxh6
$18) 24. dxe6 Qg5+ 25. Kc2 fxe6 26. Qd3 Nd7 27. Bxg6+ Ke7 28. Rh5 (28. Rd1)
28... Ne5 29. Rxg5 Nxd3 30. Rg3 Nxf2 31. Rf3 Rf8 32. Rxf8 Kxf8 33. Kd2 Ng4 34.
Ke2 Ne5 35. Bc2 Ke7 36. b3 c5 37. Be4 b6 38. Ke3 Kf6 {and Black went on to win.
} 0-1

[Event "Mechanics' Leighton Allen TNM; G/2"]
[Site "San Francisco"]
[Date "2015.09.29"]
[Round "9.15"]
[White "Drane, Robert W"]
[Black "Sherwood, Peter"]
[Result "1-0"]
[WhiteElo "1909"]
[BlackElo "1633"]
[PlyCount "71"]
[EventDate "2015.??.??"]

1. e4 c5 2. Nf3 d6 3. Bb5+ Bd7 4. Bxd7+ Qxd7 5. c4 Nf6 6. Nc3 g6 7. d4 cxd4 8.
Nxd4 Bg7 9. f3 O-O 10. Nde2 Rc8 11. b3 Nc6 12. O-O a6 13. Bg5 Rd8 14. Rc1 h6
15. Bxf6 Bxf6 16. Nd5 Bg7 17. Nb6 Qc7 18. Nxa8 Rxa8 19. Kh1 Qa5 20. Rc2 Rd8 21.
f4 e6 22. Rd2 Qc7 23. f5 exf5 24. exf5 Be5 25. fxg6 fxg6 26. Nf4 Bxf4 27. Rxf4
Qe7 28. Rdf2 Ne5 29. Qd5+ Kg7 30. h3 Rc8 31. Rd2 Rc6 32. Re4 Qf6 33. Kg1 Nf7
34. Rf2 Rc5 35. Rxf6 Rxd5 36. Rxf7+ 1-0

[Event "Mechanics' Fall TNM; G/2"]
[Site "San Francisco"]
[Date "2015.11.24"]
[Round "6.3"]
[White "Drane, Robert W"]
[Black "Winslow, Elliott C"]
[Result "1/2-1/2"]
[WhiteElo "1909"]
[BlackElo "2325"]
[Annotator "Donaldson"]
[PlyCount "128"]
[EventDate "2015.??.??"]

1. e4 c5 2. Nf3 e6 3. b3 a6 4. Bb2 Nc6 5. g3 Qc7 6. c4 d6 7. d4 cxd4 8. Nxd4
Nf6 9. Bg2 Be7 10. O-O Bd7 11. Re1 O-O 12. Nc3 Rac8 13. Qd2 Rfe8 14. Rad1 b5 $5
15. Ndxb5 axb5 16. Nxb5 Qb8 17. Nxd6 Bxd6 18. Bxf6 gxf6 19. Qxd6 Qxd6 20. Rxd6
Rc7 21. Red1 Bc8 22. f4 Kg7 23. e5 Ne7 24. exf6+ Kxf6 25. Be4 h6 26. Kf2 Bb7
27. Bb1 h5 28. Rd7 Rec8 29. Rxc7 Rxc7 30. Rd2 Nf5 31. h3 e5 32. g4 hxg4 33.
hxg4 Nd4 34. Ke3 Nf3 35. Rd1 exf4+ 36. Kxf4 Ng5 37. Bf5 Bc8 38. Rd8 Bxf5 39.
gxf5 Ke7 40. Rd2 f6 41. Rd5 Rd7 42. Rb5 Rd4+ 43. Ke3 Re4+ 44. Kd3 Re5 45. c5 (
45. Rxe5+ fxe5 46. a4 Kd6 47. b4 {
and the pawns look to be more than a match for the knight.}) 45... Rxf5 46. a4
Re5 47. a5 Kd7 48. b4 Kc7 49. a6 Re6 50. Ra5 (50. Rb7+ $1 Kc8 51. b5 {
and the pawns look very hard to stop.}) 50... Kb8 51. a7+ Ka8 52. b5 Nf7 53. b6
Nd8 54. Kd4 f5 55. Kd5 f4 56. Ra1 Re7 57. Kd6 (57. c6 $1) 57... Rf7 {Diagram #}
58. Re1 (58. c6 Rf6+ 59. Kd7 Rxc6 (59... Nxc6 60. b7+ $1) 60. b7+ $1) 58... Rf8
59. c6 f3 60. Kd7 (60. Kc7 $1) 60... f2 61. Rf1 Nxc6 62. Kxc6 Rf6+ 63. Kb5 Kb7
64. Kc5 Rc6+ 1/2-1/2

[Event "Mechanics' Fall TNM; G/2"]
[Site "San Francisco"]
[Date "2015.12.15"]
[Round "9.14"]
[White "Dupree, Charles"]
[Black "Andries, Craig"]
[Result "0-1"]
[WhiteElo "1654"]
[BlackElo "1863"]
[PlyCount "100"]
[EventDate "2015.??.??"]

1. e4 g6 2. d4 Bg7 3. Be3 c6 4. c4 d6 5. Nc3 Nf6 6. Bd3 O-O 7. f3 Nbd7 8. Qd2
e5 9. d5 cxd5 10. cxd5 a6 11. g4 b5 12. Rc1 Bb7 13. Bh6 $2 b4 14. Nce2 {
Diagram [#]} Nxe4 15. Bxe4 Qh4+ 16. Kd1 Bxh6 17. Qxb4 Bc8 18. Rc4 Nc5 19. Ng3
Bd7 20. Qb6 Qg5 21. Nf1 Bb5 22. h4 Qd8 23. Qxd8 Rfxd8 24. b3 Bxc4 25. bxc4 Nxe4
26. fxe4 Rab8 27. Kc2 Rdc8 28. Kd3 Rb1 29. Ne2 Rd1+ 30. Kc2 Re1 31. Kd3 Rb8 32.
g5 Bf8 33. Neg3 Rb2 34. a4 Be7 35. Kc3 Rbb1 36. Rh2 Bd8 37. Nd2 Ba5+ 38. Kc2
Rbc1+ 39. Kb2 Bc3+ 40. Kb3 Bd4 41. Ne2 Ra1 42. Nxd4 exd4 43. Rf2 Kf8 44. Rf3
Re3+ 45. Kb4 Ra2 46. Rxe3 dxe3 47. Nf3 Ke7 48. e5 Rf2 49. Nd4 e2 50. Nc6+ Ke8
0-1

[Event "Mechanics' Spring TNM; G/2"]
[Site "San Francisco"]
[Date "2015.05.05"]
[Round "8.30"]
[White "Dupree, Charles"]
[Black "Brown, Nicholas"]
[Result "1-0"]
[WhiteElo "1625"]
[BlackElo "1484"]
[PlyCount "55"]
[EventDate "2015.??.??"]

1. e4 c6 2. d4 d5 3. e5 Bf5 4. h4 h6 5. g4 Bh7 6. Bd3 Bxd3 7. Qxd3 e6 8. Nf3 c5
9. c4 dxc4 10. Qxc4 cxd4 11. Nxd4 Nd7 12. Qa4 Bc5 13. Nd2 Ne7 14. N2f3 O-O 15.
Be3 Qb6 16. Qxd7 Rfd8 17. Qb5 Bxd4 18. Nxd4 Qxb5 19. Nxb5 Nd5 20. Nd6 Nxe3 21.
fxe3 b6 22. O-O f6 23. Rad1 fxe5 24. Nc4 Rxd1 25. Rxd1 Rc8 26. Nxe5 Rc2 27.
Rd8+ Kh7 28. h5 1-0

[Event "Mechanics' Fall TNM; G/2"]
[Site "San Francisco"]
[Date "2015.12.01"]
[Round "7.23"]
[White "Dupree, Charles"]
[Black "Chan, John"]
[Result "1-0"]
[WhiteElo "1654"]
[BlackElo "1577"]
[PlyCount "77"]
[EventDate "2015.??.??"]

1. e4 e6 2. d4 d5 3. Nd2 Nf6 4. e5 Nfd7 5. Bd3 c5 6. c3 c4 7. Bc2 b5 8. Ne2 Nc6
9. O-O Be7 10. f4 O-O 11. Ng3 f5 12. Qh5 Qe8 13. Qh3 a5 14. a3 Bd8 15. Nf3 Qg6
16. Ne2 Qg4 17. Qg3 Qxg3 18. hxg3 g6 19. Kf2 h6 20. Bd2 Be7 21. Nh2 Bb7 22. g4
Kg7 23. gxf5 exf5 24. Rg1 Kh7 25. g4 Bh4+ 26. Ng3 b4 27. Nf3 Bxg3+ 28. Rxg3
fxg4 29. Rxg4 Ne7 30. Nh4 Ra6 31. Rag1 Bc8 32. Nxg6 Nxg6 33. Rxg6 Rxg6 34. Rxg6
Kh8 35. Rxh6+ Kg7 36. Rg6+ Kh8 37. Rd6 b3 38. Bd1 Nb8 39. Rxd5 {
and White won shortly.} 1-0

[Event "Mechanics' Spring TNM; G/2"]
[Site "San Francisco"]
[Date "2015.04.21"]
[Round "6.42"]
[White "Dupree, Charles"]
[Black "Cheng, Andrew"]
[Result "1-0"]
[WhiteElo "1625"]
[BlackElo "1418"]
[Annotator "Winslow,Elliott"]
[PlyCount "101"]
[EventDate "2015.??.??"]

1. e4 e5 2. f4 Nc6 3. Nf3 d6 4. Bc4 Bg4 5. Bxf7+ $4 Kd7 $4 (5... Kxf7 $1 $19 {
when neither} 6. -- (6. Nxe5+ Nxe5) ({nor} 6. Ng5+ Qxg5)) 6. h3 Bxf3 7. Qxf3
Nf6 8. c3 Qe7 9. Bb3 Rd8 10. d3 Kc8 11. Be3 Kb8 12. Nd2 g6 13. O-O-O Bg7 14.
Qf2 Rhf8 15. g3 Nd7 16. Nf3 exf4 17. Bxf4 Nde5 18. Ng5 Rh8 19. d4 h6 20. Ne6
Nd7 21. Nxd8 Rxd8 22. Rhe1 Rf8 23. Qe2 g5 24. Bd2 a6 25. Bd5 Nd8 26. Qg2 Nb6
27. Bb3 Nc6 28. Rf1 Rxf1 29. Rxf1 Bf6 30. Qf3 Nd7 31. Qf5 Ka7 32. Qe6 Qd8 33.
Qg8 Qe7 34. Qf7 Qd8 35. Be6 Ncb8 36. Qg6 Qh8 37. Qg8 Bxd4 38. cxd4 Qxd4 39. Re1
Nc5 40. Bc4 b6 41. Qd5 Qf2 42. b4 Ncd7 43. Re3 Ne5 44. Ra3 Nf3 45. Bxa6 Qxd2+
46. Qxd2 Nxd2 47. Bc8+ Na6 48. Rxa6+ Kb8 49. Kxd2 Kxc8 50. Ra8+ Kd7 51. Rh8 1-0

[Event "Mechanics' Summer TNM; G/2"]
[Site "San Francisco"]
[Date "2015.06.23"]
[Round "5.25"]
[White "Dupree, Charles"]
[Black "Eastham, Asher Dan"]
[Result "1-0"]
[WhiteElo "1625"]
[BlackElo "1433"]
[PlyCount "113"]
[EventDate "2015.??.??"]

1. e4 e5 2. f4 exf4 3. Nf3 d6 4. d4 g5 5. h4 Be7 6. hxg5 Bxg5 7. Nxg5 Qxg5 8.
Qf3 Qg3+ 9. Qxg3 fxg3 10. Bf4 Nf6 11. Bd3 Rg8 12. Nc3 Nc6 13. Ne2 Bd7 14. c3
O-O-O 15. Nxg3 Rg4 16. O-O Rdg8 17. Be2 R4g6 18. Rfe1 Rxg3 19. Bxg3 Rxg3 20.
Bf3 Bg4 21. Kf2 Nh5 22. Rh1 Bxf3 23. gxf3 Rg5 24. Rag1 Rxg1 25. Kxg1 Nf6 26.
Rh6 Nd7 27. Rxh7 Nd8 28. Kf2 a6 29. Ke3 Nb6 30. b3 Nd7 31. f4 Nf6 32. Rh8 Kd7
33. c4 b6 34. e5 dxe5 35. fxe5 Ne8 36. d5 Ke7 37. b4 Nb7 38. Kd4 Nd8 39. a4 Nb7
40. Rg8 a5 41. c5 axb4 42. cxb6 cxb6 43. Kc4 Nc5 44. a5 b3 45. axb6 b2 46. Rg1
Nb7 47. Rb1 f6 48. exf6+ Nxf6 49. Rxb2 Kd6 50. Rd2 Nd7 51. Kb5 Ndc5 52. Kc4 Nd7
53. Rb2 Nf6 54. Rb5 Nd7 55. Rb1 Ke5 56. Re1+ Kd6 57. Re6# 1-0

[Event "Mechanics' Leighton Allen TNM; G/2"]
[Site "San Francisco"]
[Date "2015.09.08"]
[Round "6.32"]
[White "Dupree, Charles"]
[Black "Enkh, Tergelsar"]
[Result "1-0"]
[WhiteElo "1654"]
[BlackElo "547"]
[PlyCount "57"]
[EventDate "2015.??.??"]

1. e4 e5 2. f4 d6 3. Nf3 exf4 4. d4 Nf6 5. Nc3 Be7 6. Bxf4 c6 7. Bd3 d5 8. Qd2
O-O 9. O-O-O dxe4 10. Nxe4 Nxe4 11. Bxe4 Be6 12. Ng5 g6 13. Nxe6 fxe6 14. Bh6
Rf7 15. Rhf1 Rxf1 16. Rxf1 Nd7 17. Qd3 Bg5+ 18. Bxg5 Qxg5+ 19. Kd1 Nb6 20. Rf3
Na4 21. Qb3 Nb6 22. Qxe6+ Kg7 23. Qf7+ Kh6 24. Rh3+ Qh5+ 25. Rxh5+ Kxh5 26.
Qxh7+ Kg5 27. Qxg6+ Kf4 28. Qf5+ Ke3 29. c3 1-0

[Event "Mechanics' Spring TNM; G/2"]
[Site "San Francisco"]
[Date "2015.04.14"]
[Round "5.41"]
[White "Dupree, Charles"]
[Black "Kondakov, Adrian"]
[Result "0-1"]
[WhiteElo "1625"]
[BlackElo "1251"]
[PlyCount "116"]
[EventDate "2015.??.??"]

1. e4 e6 2. d4 d5 3. Nd2 Nc6 4. c3 Be7 5. e5 Nh6 6. Bd3 Nf5 7. Ne2 O-O 8. Ng3
Nh4 9. O-O Bd7 10. Nf3 Ng6 11. Be3 Be8 12. Qd2 f6 13. exf6 Bxf6 14. Ng5 Bxg5
15. Bxg5 Qd6 16. Rad1 Nf4 17. Bb1 h6 18. Bxf4 Rxf4 19. Ne2 Rf6 20. f4 Bh5 21.
Rde1 Raf8 22. g3 Ne7 23. Nc1 c5 24. dxc5 Qxc5+ 25. Qe3 Qa5 26. Nb3 Qb6 27. Qxb6
axb6 28. Nd4 Bg4 29. Kg2 Nc6 30. Nb5 e5 31. fxe5 Bh3+ 32. Kxh3 Rxf1 33. Rxf1
Rxf1 34. Bc2 Nxe5 35. Nd6 Rf2 36. Bb3 Rxb2 37. Nxb7 g5 38. g4 Rd2 39. Nd6 Rd3+
40. Kg2 Nxg4 41. Nf5 Kh7 42. Ne7 Ne3+ 43. Kf2 Ng4+ 44. Kg2 Rd2+ 45. Kg3 Nf6 46.
h3 h5 47. Nc8 h4+ 48. Kf3 d4 49. cxd4 Rxd4 50. Nxb6 g4+ 51. hxg4 Rxg4 52. Be6
Rg3+ 53. Kf2 Ne4+ 54. Kf1 Ng5 55. Bd5 h3 56. a4 h2 57. a5 Rg1+ 58. Kf2 h1=Q 0-1

[Event "Mechanics' Spring TNM; G/2"]
[Site "San Francisco"]
[Date "2015.03.24"]
[Round "2.32"]
[White "Dupree, Charles"]
[Black "Lamstein, Joshua"]
[Result "0-1"]
[WhiteElo "1625"]
[BlackElo "1413"]
[PlyCount "24"]
[EventDate "2015.??.??"]

1. e4 c6 2. d4 d5 3. e5 Bf5 4. h4 h6 5. Bd3 Bxd3 6. Qxd3 e6 7. Nf3 Nd7 8. Be3
Qb6 9. b3 O-O-O 10. c4 dxc4 11. bxc4 $4 Qb2 12. Qc3 Bb4 0-1

[Event "Mechanics' Leighton Allen TNM; G/2"]
[Site "San Francisco"]
[Date "2015.09.29"]
[Round "9.26"]
[White "Dupree, Charles"]
[Black "Mathrubootham, Ganesh"]
[Result "1-0"]
[WhiteElo "1654"]
[BlackElo "1346"]
[PlyCount "53"]
[EventDate "2015.??.??"]

1. e4 e6 2. d4 d5 3. Nd2 Nf6 4. e5 Nfd7 5. Bd3 c5 6. c3 Nc6 7. Ne2 cxd4 8. cxd4
f6 9. exf6 Nxf6 10. Nf3 Bd6 11. O-O O-O 12. a3 Qc7 13. Qc2 Bd7 14. Bg5 h6 15.
Bh4 Ng4 16. Bg3 Bxg3 17. hxg3 Rac8 18. Rac1 Rf6 19. Nf4 Be8 20. Rfe1 Qe7 21.
Nxd5 Qf7 22. Nxf6+ Qxf6 23. Rxe6 Qd8 24. Qd2 Nxd4 25. Rxc8 Nxf3+ 26. gxf3 Qxc8
27. Rxe8+ 1-0

[Event "Mechanics' Leighton Allen TNM; G/2"]
[Site "San Francisco"]
[Date "2015.08.25"]
[Round "4.31"]
[White "Dupree, Charles"]
[Black "Nassif, Wassim J"]
[Result "1-0"]
[WhiteElo "1654"]
[BlackElo "1217"]
[Annotator "Donaldson"]
[PlyCount "41"]
[EventDate "2015.??.??"]

1. e4 e5 2. f4 Nc6 (2... Bc5 3. Nf3 d6) 3. Nf3 d6 4. Bb5 Bd7 5. Nc3 Nf6 6. d3
Be7 (6... exf4 7. Bxf4) 7. Bxc6 Bxc6 8. fxe5 dxe5 9. Nxe5 Bb4 10. Nxc6 Bxc3+
11. bxc3 bxc6 12. Ba3 Nd7 13. Qg4 Qf6 14. d4 Rb8 15. Rf1 Qe6 (15... Qg6) 16.
Qxg7 Rf8 17. Bxf8 Qxe4+ 18. Kd2 Nxf8 19. Qxf7+ Kd8 20. Qxf8+ Qe8 21. Rae1 1-0

[Event "Mechanics' Summer TNM; G/2"]
[Site "San Francisco"]
[Date "2015.06.09"]
[Round "3.15"]
[White "Dupree, Charles"]
[Black "Padmanabhan, Karthik"]
[Result "0-1"]
[WhiteElo "1625"]
[BlackElo "2059"]
[PlyCount "26"]
[EventDate "2015.??.??"]

1. e4 e5 2. f4 exf4 3. Nf3 g5 4. h4 g4 5. Ne5 d5 6. exd5 Be7 7. Nxg4 Bxh4+ 8.
Nf2 Nh6 9. Bb5+ c6 10. dxc6 bxc6 11. Be2 Rg8 12. d3 Rxg2 13. Rf1 {Diagram [#]}
Qd4 0-1

[Event "Mechanics' Leighton Allen TNM; G/2"]
[Site "San Francisco"]
[Date "2015.08.10"]
[Round "2.21"]
[White "Dupree, Charles"]
[Black "Reyes, Robert"]
[Result "0-1"]
[WhiteElo "1654"]
[BlackElo "1651"]
[Annotator "Donaldson"]
[PlyCount "70"]
[EventDate "2015.??.??"]

1. e4 e6 2. d4 d5 3. Nd2 Nf6 4. e5 Nfd7 5. Bd3 c5 6. c3 Nc6 7. Ne2 Qb6 8. Nf3
Be7 (8... cxd4 9. cxd4 f6 10. exf6 Nxf6 11. O-O Bd6 12. Nc3 O-O) 9. Qc2 h6 10.
Be3 (10. b3 cxd4 11. cxd4 Nb4 12. Qd2 Nxd3+ 13. Qxd3 Nb8) 10... c4 11. Bh7 Nf8
12. Be4 Qc7 13. Nd2 dxe4 14. Nxc4 Ng6 15. Qxe4 Bd7 16. Ng3 O-O 17. Qd3 Rad8 18.
Ne4 Be8 19. Ned6 Na5 20. Nxa5 Bxd6 21. Nc4 Bxe5 22. Qe2 Bf4 23. g3 Bxe3 24.
Nxe3 a6 25. a4 Bc6 26. Rg1 (26. O-O) 26... e5 27. Rd1 Bxa4 28. Rd2 exd4 29.
cxd4 Qc1+ 30. Nd1 Rfe8 31. b4 Rxe2+ 32. Kxe2 Re8+ 33. Ne3 Bb5+ 34. Rd3 Bxd3+
35. Kxd3 Qxg1 0-1

[Event "Mechanics' Summer TNM; G/2"]
[Site "San Francisco"]
[Date "2015.07.07"]
[Round "7.13"]
[White "Dupree, Charles"]
[Black "Senthilkumar, Pranav"]
[Result "0-1"]
[WhiteElo "1625"]
[BlackElo "1948"]
[PlyCount "48"]
[EventDate "2015.??.??"]

1. e4 c5 2. b4 cxb4 3. a3 e6 4. axb4 Bxb4 5. c3 Be7 6. d4 Nf6 7. e5 Nd5 8. Qg4
Bf8 9. Bd3 d6 10. f4 dxe5 11. fxe5 g6 12. Ne2 Bg7 13. Ba3 Ne7 14. Nd2 O-O 15.
Nc4 Nbc6 16. Qf3 f6 17. Qg3 fxe5 18. dxe5 b5 19. Be4 Bd7 20. Bxc6 Bxc6 21. Rd1
Bd5 22. Nd6 Nc6 23. Nb7 Qb6 24. Bxf8 Rxf8 0-1

[Event "Mechanics' Summer TNM; G/2"]
[Site "San Francisco"]
[Date "2015.05.26"]
[Round "1.6"]
[White "Dupree, Charles"]
[Black "Walder, Michael S"]
[Result "0-1"]
[WhiteElo "1625"]
[BlackElo "2118"]
[PlyCount "40"]
[EventDate "2015.??.??"]

1. e4 Nf6 2. Nc3 d5 3. exd5 Nxd5 4. Bc4 Nb6 5. Bb3 Bf5 6. Nf3 e6 7. d4 Be7 8.
Bf4 O-O 9. Qd2 c5 10. dxc5 Qxd2+ 11. Bxd2 Bxc5 12. O-O a5 13. Na4 N8d7 14. Nxc5
Nxc5 15. c4 a4 16. Bb4 Rfc8 17. Bd1 Nxc4 18. Rc1 Nd3 19. Rxc4 Rxc4 20. Bc3 a3
0-1

[Event "Mechanics' Spring TNM; G/2"]
[Site "San Francisco"]
[Date "2015.04.07"]
[Round "4.43"]
[White "Eastham, Asher"]
[Black "Gupta, Vishrut"]
[Result "0-1"]
[WhiteElo "1289"]
[BlackElo "1547"]
[PlyCount "144"]
[EventDate "2015.??.??"]

1. e4 e5 2. Nf3 Nc6 3. Bc4 Bc5 4. c3 d6 5. d4 Bb6 6. O-O Bg4 7. Bxf7+ Kf8 8. h3
Bxf3 9. Qxf3 Qf6 10. Qxf6 Nxf6 11. Bd5 exd4 12. Bg5 Nxd5 13. exd5 Ne5 14. Rd1
dxc3 15. Nxc3 Re8 16. Rac1 h6 17. Bf4 g5 18. Bh2 Rh7 19. Nb5 Ree7 20. Nd4 Rhf7
21. Bg3 Ke8 22. Kf1 Nd7 23. Ne6 Nc5 24. Nxc5 Bxc5 25. a3 Kd7 26. f3 Re4 27. Bf2
Bxf2 28. Kxf2 Ra4 29. Rd3 Re7 30. Rdc3 Kd8 31. Rb3 b6 32. Rbc3 Ra5 33. Rd1 Re5
34. Rcd3 Rc5 35. R3d2 Ke7 36. g3 Kf6 37. f4 Re4 38. Kf3 Re7 39. fxg5+ hxg5 40.
Rd4 Rh7 41. h4 gxh4 42. gxh4 Rc2 43. Rf4+ Ke7 44. Re1+ Kd7 45. Re2 Rxe2 46.
Kxe2 c6 47. dxc6+ Kxc6 48. Kf3 Kc5 49. b3 d5 50. Ke3 a5 51. Kd3 Rg7 52. b4+ Kb5
53. bxa5 bxa5 54. a4+ Kc5 55. Kc3 Rg3+ 56. Kd2 Rh3 57. Ke2 d4 58. Kd2 Kc4 59.
Ke2 Kc3 60. Rf8 Rh2+ 61. Kf3 Rxh4 62. Rc8+ Kd2 63. Rc7 d3 64. Kf2 Rf4+ 65. Kg3
Rxa4 66. Rc5 Kd1 67. Kf3 d2 68. Ke3 Ra3+ 69. Kf2 Ra2 70. Ke3 a4 71. Ra5 Rc2 72.
Rxa4 Ke1 0-1

[Event "Mechanics' Spring TNM; G/2"]
[Site "San Francisco"]
[Date "2015.05.05"]
[Round "8.37"]
[White "Eastham, Asher"]
[Black "Morgan, Jerry"]
[Result "1/2-1/2"]
[WhiteElo "1289"]
[BlackElo "1512"]
[PlyCount "74"]
[EventDate "2015.??.??"]

1. e4 Nf6 2. e5 Nd5 3. d4 d6 4. c4 Nb6 5. exd6 exd6 6. Nc3 Nc6 7. Nf3 Bg4 8.
Be3 Be7 9. h3 Bh5 10. a3 O-O 11. Bd3 Bf6 12. c5 dxc5 13. dxc5 Bxc3+ 14. bxc3
Nd5 15. Bd2 Qe7+ 16. Kf1 Ne5 17. Be4 Qxc5 18. Bxh7+ Kh8 19. Be4 Rad8 20. Qc2
Qc4+ 21. Kg1 Bxf3 22. Bxf3 Nxf3+ 23. gxf3 Rfe8 24. Re1 Rxe1+ 25. Bxe1 Rd6 26.
Qe4 Rg6+ 27. Kh2 Qb3 28. Qe8+ Kh7 29. Qe4 c6 30. Qh4+ Rh6 31. Qe4+ Kg8 32. Qe8+
Kh7 33. Qxf7 Rf6 34. Qh5+ Kg8 35. Qe8+ Kh7 36. Qh5+ Kg8 37. Qe8+ Kh7 1/2-1/2

[Event "Mechanics' Winter TNM; 30/90, SD/30"]
[Site "San Francisco"]
[Date "2015.02.10"]
[Round "6.26"]
[White "Eastham, Asher"]
[Black "Newey, Richard"]
[Result "0-1"]
[WhiteElo "1471"]
[BlackElo "1755"]
[PlyCount "84"]
[EventDate "2015.??.??"]

1. e4 c5 2. Nf3 d6 3. d4 cxd4 4. Nxd4 Nf6 5. Nc3 Nc6 6. Be2 Bd7 7. O-O g6 8.
Be3 Bg7 9. Qd2 Ng4 10. Nxc6 bxc6 11. Bxg4 Bxg4 12. f3 Be6 13. Bd4 Bxd4+ 14.
Qxd4 Qb6 15. Qxb6 axb6 16. a3 f6 17. Ne2 Kf7 18. Nd4 Bd7 19. b4 Ra4 20. Rfd1
Rha8 21. Rd3 Rxb4 22. axb4 Rxa1+ 23. Kf2 c5 24. bxc5 bxc5 25. Nb3 Ra2 26. Rd2
Ba4 27. Ke3 Bxb3 28. cxb3 Rxd2 29. Kxd2 e6 30. Kd3 d5 31. exd5 exd5 32. g3 Ke6
33. h3 g5 34. Ke3 Ke5 35. Kd3 f5 36. Kc3 h5 37. Kd3 h4 38. gxh4 gxh4 39. Ke3
d4+ 40. Kd3 Kf4 41. Ke2 Kg3 42. Kf1 Kxf3 0-1

[Event "Mechanics' Spring TNM; G/2"]
[Site "San Francisco"]
[Date "2015.04.21"]
[Round "6.47"]
[White "Eastham, Asher"]
[Black "Otterbach, Renate"]
[Result "1-0"]
[WhiteElo "1289"]
[BlackElo "997"]
[PlyCount "31"]
[EventDate "2015.??.??"]

1. e4 e6 2. d4 d5 3. Nd2 Nf6 4. e5 Nfd7 5. Bd3 c5 6. c3 Qb6 7. Ne2 Nc6 8. Nf3
Be7 9. O-O O-O 10. Bc2 f6 11. Nf4 f5 12. Nxe6 Rf7 13. Nf4 Nf8 14. Nxd5 Qd8 15.
Nxe7+ Qxe7 16. Ng5 {...} 1-0